000 00995nas a2200253Ia 4500
001 R122/45016
003 IT-RoPAU
008 151124c99999999xx |||||||||||| ||und||
040 _aIT-RoPAU
040 _cIT-RoPAU
041 _aITALIANO
100 _aLonghi Albino
_gCodice Aut. SPICS: 35526
210 _aMASS MEDIA
222 _aMass Media
245 _aMASS MEDIA, ANNO 02-N.2 (MARZO/APRILE 1983)
_bTelematica Si' Colonizzazione No
250 _a1a ed.
260 _aITALIA
_bCAPONE CAVALLINO DI LECCE
_c1983
501 _bPaulus - SPICS - Società San Paolo EM (non-commercial uses only)
_cCopyright2015
300 _a15 p. [90-104]
362 _aANNO 002, N.02 (MARZO/APRILE 1983)
500 _aNews Media. Concetto di Peritelevisione. Satellite Russo. Eccesso D'Informazioni. Rischio della Massificazione. Appiattimento Delle Culture. Nuovo Analfabetismo. Crescita del Senso Critico. Abitudine Alla Sintesi.
650 _aCOMUNICAZIONE
_vPUBBLICAZIONE PERIODICA
942 _cCR
999 _c111302
_d111302